Rezervačný systém pre prevádzkovateľa volejbalových ihrísk

Enregistré dans:
Détails bibliographiques
Auteur principal: Brilla, Juraj (Auteur)
Autres auteurs: Vojvoda, Milan (Directeur de thèse)
Format: Manuscrit Livre
Langue:slovaque
Publié: Bratislava : STU v Bratislave FEI, 2025
Sujets:
Accès en ligne:https://opac.crzp.sk/?fn=detailBiblioFormChildSHU9F&sid=BA75C2D62745AD5726EB9A9ED92F&seo=CRZP-detail-kniha
Tags: Ajouter un tag
Pas de tags, Soyez le premier à ajouter un tag!

MARC

LEADER 00000ntm a22000003a 4500
001 stuzp106077
003 SK-STU
005 20251105112259.1
007 ta
008 150427s2015----xo-----f-mn---000-0-slo-d
040 |a STU  |b slo 
041 0 |a slo 
044 |a xo 
100 1 |a Brilla, Juraj  |u 035000  |4 aut  |U FEI Fakulta elektrotechniky a informatiky  |T FEI Ústav informatiky a matematiky  |X 115051  |U E050  |Y 816  |7 115051 
242 0 1 |a Reservation System for the Operator of Volleyball Courts  |y eng 
245 1 0 |a Rezervačný systém pre prevádzkovateľa volejbalových ihrísk 
260 |a Bratislava :  |b STU v Bratislave FEI,  |c 2025 
300 |a 60 s. 
650 4 |a Rezervačný systém  |2 slo 
650 4 |a Mobilná aplikácia  |2 slo 
650 4 |a Dart  |2 slo 
650 4 |a Flutter  |2 slo 
650 4 |a Firebase  |2 slo 
650 4 |a Reservation System  |2 eng 
650 4 |a Mobile Application  |2 eng 
650 4 |a Dart  |2 eng 
650 4 |a Flutter  |2 eng 
650 4 |a Firebase  |2 eng 
700 1 |a Vojvoda, Milan  |u 035000  |k Z1  |4 ths  |U FEI Fakulta elektrotechniky a informatiky  |T FEI Ústav informatiky a matematiky  |X 1885  |U E050  |Y 816  |7 A000001885 
856 4 |u https://opac.crzp.sk/?fn=detailBiblioFormChildSHU9F&sid=BA75C2D62745AD5726EB9A9ED92F&seo=CRZP-detail-kniha